Marketing neziskových organizací

Gespeichert in:
Bibliographische Detailangaben
1. Verfasser: Bačuvčík, Radim
Format: Buch
Sprache:Tschechisch
Veröffentlicht: Zlín VeRBuM 2011
Schlagworte:
Tags: Tag hinzufügen
Keine Tags, Fügen Sie das erste Tag hinzu!

MARC

LEADER 00000nam a2200000 4500
001 0141712
005 20240313090042.6
020 |a 978-80-87500-01-9 
041 0 |a cze 
044 |a CZ 
245 1 0 |a Marketing neziskových organizací  |c Radim Bačuvčík 
264 1 |a Zlín  |b VeRBuM  |c 2011 
300 |a 190 s. 
610 2 0 |a organizácie neziskové 
610 2 0 |a marketing 
610 2 0 |a marketing sociálny 
610 2 0 |a komunikácia marketingová 
610 2 0 |a práca s verejnosťou 
610 2 0 |a dary 
610 2 0 |a sponzorovanie 
610 2 0 |a nadácie 
610 2 0 |a správa verejná 
610 2 0 |a dobrovoľníctvo 
100 1 |a Bačuvčík, Radim